|
|
|
|
| LEADER |
02072nam a22003973i 4500 |
| 001 |
EBC7245411 |
| 003 |
MiAaPQ |
| 005 |
20231204023229.0 |
| 006 |
m o d | |
| 007 |
cr cnu|||||||| |
| 008 |
231204s2014 xx o ||||0 eng d |
| 020 |
|
|
|a 9781317646723
|q (electronic bk.)
|
| 020 |
|
|
|z 9780415822671
|
| 035 |
|
|
|a (MiAaPQ)EBC7245411
|
| 035 |
|
|
|a (Au-PeEL)EBL7245411
|
| 035 |
|
|
|a (OCoLC)1378932946
|
| 040 |
|
|
|a MiAaPQ
|b eng
|e rda
|e pn
|c MiAaPQ
|d MiAaPQ
|
| 050 |
|
4 |
|a HG3701 .S595 2014
|
| 100 |
1 |
|
|a Soederberg, Susanne.
|
| 245 |
1 |
0 |
|a Debtfare States and the Poverty Industry :
|b Money, Discipline and the Surplus Population.
|
| 250 |
|
|
|a 1st ed.
|
| 264 |
|
1 |
|a Milton :
|b Taylor & Francis Group,
|c 2014.
|
| 264 |
|
4 |
|c Ã2014.
|
| 300 |
|
|
|a 1 online resource (303 pages)
|
| 336 |
|
|
|a text
|b txt
|2 rdacontent
|
| 337 |
|
|
|a computer
|b c
|2 rdamedia
|
| 338 |
|
|
|a online resource
|b cr
|2 rdacarrier
|
| 490 |
1 |
|
|a RIPE Series in Global Political Economy Series
|
| 520 |
|
|
|a This book theorizes the politics of debt and credit that underpins the expansion of consumer credit to the poor and addresses the role of states in facilitating consumer credit, in the developed and developing world. It features a range of case studies on pension securitization, credit cards, payday and student loans in the United States, and micro-lending and housing finance in Mexico. https://www.youtube.com/watch?v=2lU6PHjyOzU.
|
| 588 |
|
|
|a Description based on publisher supplied metadata and other sources.
|
| 590 |
|
|
|a Electronic reproduction. Ann Arbor, Michigan : ProQuest Ebook Central, 2023. Available via World Wide Web. Access may be limited to ProQuest Ebook Central affiliated libraries.
|
| 655 |
|
4 |
|a Electronic books.
|
| 776 |
0 |
8 |
|i Print version:
|a Soederberg, Susanne
|t Debtfare States and the Poverty Industry
|d Milton : Taylor & Francis Group,c2014
|z 9780415822671
|
| 797 |
2 |
|
|a ProQuest (Firm)
|
| 830 |
|
0 |
|a RIPE Series in Global Political Economy Series
|
| 856 |
4 |
0 |
|u https://ebookcentral.proquest.com/lib/matrademy/detail.action?docID=7245411
|z Click to View
|